=LDR 00000nam 2200000 4500 =001 INLIS000000000020350 =005 20210504091940 =035 ##$$a 0010-061300000020350 =008 210504################g##########0#ind## =041 ##$$a Ind =082 ##$$a 338.5 =090 ##$$a 338.5 Suk m =100 ##$$a Sukirno, Sadono =245 1#$$a Mikro ekonomi : $b Teori pengantar /$c Sadono Sukirno =260 ##$$a Jakarta :$b Raja Grafindo Persada,$c 2005 =300 ##$$a xv, 430 hlm : $b Ilus. ; $c 24 x 18 cm. =650 #4$$a Ekonomi Mikro =850 ##$$a NBPNMAT =020 ##$$a 979-421-412-4 =084 ##$$a 338.5 SUK m =250 ##$$a Ed. Ketiga =504 ##$$a Indeks ;hlm.427-430 =990 ##$$a 20703816 =990 ##$$a 30700910 =990 ##$$a 20703817 =990 ##$$a 30700909 =990 ##$$a 20611753